000 00388nam a2200133 4500
999 _c11992
_d11992
008 210115b ||||| |||| 00| 0 eng d
082 0 0 _a621.3815
_bT6464
100 _92952
_aTokheim, Roger L.
245 1 0 _aDigital electronics /
_cby Roger L. Tokheim
260 _aNew York:
_bMacmillan,
_c1994.
300 _aXI, 345 p.
650 0 _aDigital Electronics
942 _2ddc
_cBK